[Event "10th Mumbai Mayors Cup 2017"]
[Site "Mumbai"]
[Date "2017.06.09"]
[Round "8"]
[White "Nguyen, Duc Hoa"]
[Black "Murshed, Niaz"]
[Result "1-0"]
[WhiteElo "2477"]
[BlackElo "2423"]
[Annotator "TA"]
[PlyCount "79"]
[EventDate "2017.06.04"]
[EventType "swiss"]
[EventCountry "IND"]
[SourceTitle "playchess.com"]
[Source "ChessBase"]
[SourceQuality "1"]

{[%evp 9,79,41,61,56,59,47,53,33,32,43,48,29,62,53,66,71,58,26,31,26,26,23,32,21,28,16,29,0,25,0,0,0,45,19,52,14,68,66,73,27,27,27,30,0,84,0,84,30,229,196,223,228,204,0,168,0,278,0,201,91,490,509,866,831,1197,863,918,824,3734,3793,3381,3216]} 1. e4 d5 2. exd5 Qxd5 3. Nc3 Qd8 4. d4 Nf6 5. Nf3 a6 {LiveBook: 12 Games} (5... Bg4 6. h3 Bxf3 7. Qxf3 c6 8. Ne2 e6 9. g4 Qd5 10. Bg2 Nbd7 11. Qg3 Qc4 12. Qb3 Qxb3 13. axb3 Bd6 14. c4 {0-1 (50) Caruana,F (2801)-Carlsen,M (2877) Tromsoe 2014}) 6. Ne5 {B01: Scandinavian Defence} e6 7. Bg5 Be7 8. Bd3 $146 {White is slightly better.} ({Predecessor:} 8. Be2 Nbd7 9. O-O O-O 10. Bf3 c6 11. Re1 Re8 12. Ne2 Qa5 13. Ng3 {0-1 (93) Kopinits,A (2276)-Bachofner,A (2199) Austria 2011}) 8... Nbd7 9. Qe2 Nd5 10. Nxd5 exd5 11. Nxd7 Qxd7 12. O-O Qe6 {aiming for ...Qxe2.} 13. Qf3 {Threatens to win with Rfe1.} Qg4 ({Don't go for} 13... Bxg5 $2 14. Rae1 $18) 14. Qxg4 Bxg4 15. Rae1 Be6 16. Bxe7 (16. f4 $5 {[%cal Rg5e7]} Bxg5 17. fxg5 $14) 16... Kxe7 17. f4 {[%cal Bf2f4,Bf4f5,Bf5f6][%mdl 32] Strongly threatening f5.} (17. Bf5 $5) 17... Kd6 18. f5 Bd7 19. f6 g6 20. c4 $1 {[%cal Bc2c4,Bc4c5][%mdl 32]} Rhe8 21. c5+ Kc6 22. Kf2 Rxe1 (22... b6 $11) 23. Rxe1 $11 {[%mdl 4096] Endgame KRB-KRB} Be6 24. h4 Kd7 25. Kf3 h6 26. Re5 c6 (26... a5 $11) 27. Kf4 (27. b4 $1 $16) 27... Re8 (27... a5 $11 {keeps the balance.}) 28. g4 (28. b4 $16) 28... Rg8 $2 (28... a5 $11 {and Black has nothing to worry.}) 29. Bf1 $18 Rh8 30. Be2 Re8 31. Bf1 Rh8 $1 32. Bd3 (32. b4 $142 $1) 32... Rg8 33. Be2 Re8 $1 34. b4 $1 Rg8 $2 {[%mdl 8192] [#]} (34... Kc8 $16) 35. g5 $1 {White is clearly winning.} h5 {[#]} (35... Rh8 $142 36. Bg4 Bxg4 37. Re7+ (37. Kxg4 h5+ 38. Kf4 Re8 $11) 37... Kc8) 36. Bf1 $1 Rd8 37. a4 Rb8 38. a5 Rd8 {[#]} 39. Rxe6 $1 {[%mdl 512]} fxe6 (39... Kxe6 40. Bh3#) 40. Bd3 {Precision: White = 57%, Black = 44%.} 1-0

[Event "10th Mumbai Mayors Cup 2017"]
[Site "Mumbai"]
[Date "2017.06.09"]
[Round "8"]
[White "Babujian, Levon"]
[Black "Amonatov, Farrukh"]
[Result "0-1"]
[WhiteElo "2438"]
[BlackElo "2635"]
[Annotator "TA"]
[PlyCount "88"]
[EventDate "2017.06.04"]
[EventType "swiss"]
[EventCountry "IND"]
[SourceTitle "playchess.com"]
[Source "ChessBase"]
[SourceQuality "1"]

{[%evp 21,88,31,33,0,0,-69,-81,-81,-81,-62,-64,-71,-57,-78,0,-151,-68,-352,-349,-411,-174,-174,-193,-176,-174,-170,-43,-39,-41,-34,-50,-246,-233,-241,-235,-231,-218,-223,-109,-104,-97,-125,-97,-66,-78,-254,-243,-289,-131,-111,0,-111,-58,-380,-325,-296,-266,-1316,-1321,-1262,-1047,-29994,-29995,-29995,-12842,-29997,-687,-29998,-29999]} 1. d4 Nf6 2. g3 c5 3. d5 e6 4. c4 d6 5. Bg2 exd5 6. cxd5 g6 7. Nc3 Bg7 8. Nf3 O-O 9. O-O Re8 10. Nd2 b6 11. a4 Nbd7 {LiveBook: 12 Games. A62: Modern Benoni: Fianchetto Variation without early ...Nbd7} 12. Nb5 Ne5 13. f4 $146 (13. h3 $11) ({Predecessor:} 13. b3 a6 14. Nc3 Rb8 15. Rb1 b5 16. axb5 axb5 17. b4 Bf5 18. Rb3 Qd7 19. Bb2 {0-1 (38) Nikolic,P (2602)-Gashimov,V (2740) Germany 2010}) 13... Neg4 $15 {aiming for ...Ne3.Black is slightly better.} 14. Nc4 Ne4 $1 15. Bxe4 Rxe4 16. Ncxd6 Bd4+ 17. Kg2 Qe7 (17... a6 $17 18. Nxe4 axb5) 18. Re1 $2 (18. Nxe4 $11 Qxe4+ 19. Rf3) 18... Bf2 (18... Bd7 $17 {Strongly threatening ...a6.} 19. Qc2 Re3 $1 {[%mdl 512]}) 19. Nxc8 $2 {[%mdl 8192]} (19. Rf1 $15 Rxe2 20. Nc3 Rxb2 21. Bxb2 Ne3+ 22. Kxf2 Nxd1+ 23. Rfxd1 Qxd6 24. Ne4) 19... Rxc8 $19 20. Rf1 Be3 ({Don't go for} 20... Rxe2 $2 21. Nc3 $18) (20... Bd4 $142 21. e3 Nxe3+ 22. Bxe3 Rxe3 23. Nxd4 cxd4 24. Qxd4 Re2+ 25. Rf2 Rxf2+ 26. Qxf2 Qe4+ 27. Kg1 Qxd5) 21. d6 Qb7 22. Rf3 Bxc1 23. Rxc1 Ne3+ (23... Rce8 $1 $19 24. Nc3 Rd4) 24. Rxe3 $1 $15 Rxe3+ 25. Kf2 $1 {[%cal Rf2e3]} Re6 {...Rd8 is the strong threat.} 26. b4 $2 (26. Nc7 $15) 26... Rd8 $19 ({Inferior is} 26... cxb4 27. Nc7 $16) 27. bxc5 bxc5 28. Rxc5 a6 29. f5 gxf5 (29... Qb6 $1 $19 {[%cal Rb6c5] has better winning chances.} 30. Qd5 Rf6) 30. Qc1 $17 {Hoping for Qg5+.} h6 31. Nd4 Rexd6 32. Nxf5 Rf6 $1 33. Qc4 $2 (33. Qc3 $17 Rdd6 34. g4) 33... Kh7 $1 $19 34. a5 Qd7 (34... Qh1 $19 35. Qg4 Qxh2+ 36. Kf3 Rg6) 35. Kg2 Qb7+ ({Don't play} 35... Rxf5 $6 36. Qe4 $14) (35... Re8 $17 36. e4 Qe6) 36. Kh3 (36. Kf2 $1 $11 {remains equal.}) 36... Qh1 (36... Qb1 $17 37. e4 Rd2) 37. Qf4 $2 {[%mdl 8192] [#]} (37. Ne3 $1 $15) 37... Re8 $1 {[%cal Re8e2]} 38. Qf3 {[#]} Qd1 $1 39. Rc6 $2 (39. Qg4 Qf1+ 40. Kh4) 39... Rxc6 40. Qxc6 Re6 41. Qc5 Qf1+ 42. Kh4 Qxe2 (42... Re4+ $142 43. g4 Qg2 44. Nxh6 Qxh2+ 45. Kg5 Qxh6+ 46. Kf5 Qg6#) 43. h3 Re4+ 44. g4 {[#]} Rxg4+ $1 {[%mdl 512] Precision: White = 24%, Black = 41%.} 0-1

[Event "10th Mumbai Mayors Cup 2017"]
[Site "Mumbai"]
[Date "2017.06.09"]
[Round "8"]
[White "Laxman, R R"]
[Black "Arvind, Shastry"]
[Result "1/2-1/2"]
[WhiteElo "2421"]
[BlackElo "2190"]
[Annotator "TA"]
[PlyCount "62"]
[EventDate "2017.06.04"]
[EventType "swiss"]
[EventCountry "IND"]
[SourceTitle "playchess.com"]
[Source "ChessBase"]
[SourceQuality "1"]

{[%evp 11,62,32,32,8,22,7,15,15,24,17,27,21,30,16,10,-38,29,11,20,17,0,-27,-21,-14,-3,-7,-10,-12,-15,-15,-15,-61,-59,-81,-64,-81,-81,-116,-116,-154,-163,-275,-246,-295,-299,-288,-73,-76,0,-310,0,-85,0]} 1. d4 d5 2. c4 c6 3. Nf3 Nf6 4. e3 a6 5. Nbd2 {[%cal Bb1d2,Bd2c4,Bc4e5][%mdl 32]} e6 (5... Bf5 6. Nh4 Bg4 7. Qc2 e6 8. h3 Bh5 9. g4 Bg6 10. Nxg6 hxg6 11. Bg2 Nbd7 12. O-O g5 13. e4 dxe4 14. Nxe4 Nxe4 15. Qxe4 {1-0 (43) Brunello,S (2562)-Movsesian,S (2666) Reykjavik 2015}) 6. Bd3 {D11: Slav Defence: 3 Nf3 sidelines and 3...Nf6 4 e3 Bg4} c5 {LiveBook: 29 Games} 7. dxc5 Bxc5 8. O-O {The position is equal.} dxc4 9. Nxc4 b5 $146 ({Predecessor:} 9... O-O 10. a3 b5 11. Nce5 Bb7 12. b4 Bd6 13. Bb2 Qe7 14. Qe2 Nbd7 15. Nxd7 Nxd7 16. Rfd1 Nb6 17. Ne5 f5 18. Rac1 Rac8 19. f4 {½-½ (19) Szeberenyi,A (2328)-Kozak,A (2233) Budapest 2014}) 10. Nce5 {With the idea Bxb5+.} Bb7 11. a4 b4 12. Qc2 Nbd7 13. Rd1 Qc7 ({Black should try} 13... Nxe5 $15 14. Nxe5 Qc7) 14. Nxd7 Nxd7 15. b3 Bd6 16. Bb2 Qxc2 $1 17. Bxc2 Ke7 18. Ng5 {Hoping for Nxf7.} f6 19. Nf7 ({Don't go for} 19. Nxh7 $2 Rac8 $19) (19. Ne4 $5 {[%cal Re4d6]} Be5 20. Bxe5 Nxe5 21. Rac1 $11) 19... Kxf7 20. Rxd6 Ke7 21. Rad1 Rhd8 $1 22. R6d4 a5 23. Bxh7 Bd5 24. Rg4 {aiming for e4.} Kf8 25. h4 Bxb3 26. Rc1 (26. Rd6 {might work better.}) 26... Rac8 (26... Bxa4 27. h5 $17) 27. Rxc8 Rxc8 28. h5 {Now h6 and White clings on.} Kf7 $2 ({Not} 28... Bxa4 29. h6 $1 $17 {[%mdl 512]}) (28... Rc5 $19 {has better winning chances.} 29. h6 gxh6 30. Rg8+ Ke7) 29. Bg6+ $17 Kf8 $2 (29... Kg8 $17 30. h6 Ne5 31. Bxe5 fxe5) 30. Bh7 $1 $19 {intending h6.} Kf7 $2 ({Less strong is} 30... Bxa4 31. h6 $1 $15 {[%mdl 512]}) (30... Rc5 $19 {is more deadly.} 31. h6 gxh6 32. Rg8+ Ke7) 31. Bg6+ $17 {[#]} Kf8 {Precision: White = 27%, Black = 51%.} (31... Kg8 $1 $17 {[%cal Rg8f8]} 32. h6 Ne5 33. Bxe5 fxe5) 1/2-1/2

[Event "10th Mumbai Mayors Cup 2017"]
[Site "Mumbai"]
[Date "2017.06.09"]
[Round "8"]
[White "Raghunandan, Kaumandur Srihari"]
[Black "Raghav, Srivathsav V"]
[Result "1-0"]
[WhiteElo "2410"]
[BlackElo "2023"]
[Annotator "TA"]
[PlyCount "52"]
[EventDate "2017.06.04"]
[EventType "swiss"]
[EventCountry "IND"]
[SourceTitle "playchess.com"]
[Source "ChessBase"]
[SourceQuality "1"]

{[%evp 18,52,44,60,51,46,52,44,52,43,86,19,60,60,71,102,125,110,125,91,87,48,77,64,139,143,141,104,120,106,132,120,132,129,139,127,487]} 1. d4 Nf6 2. c4 g6 3. Nf3 Bg7 4. Nc3 d5 5. Qb3 dxc4 6. Qxc4 O-O 7. e4 c6 8. Be2 b5 9. Qb3 a5 10. Qc2 {LiveBook: 13 Games. D97: Grünfeld: Russian System: 7 e4, replies other than 7...Bg4} e5 (10... a4 11. O-O Na6 12. h3 Nd7 13. Rd1 Nb6 14. Bf4 Be6 15. Rac1 Bc4 16. Ne5 Bxe5 17. Bxe5 f6 18. Bg3 Qe8 19. Bxc4+ Nxc4 {1-0 (80) Hawkins,J (2583)-Fernandez,D (2473) chess.com INT 2017}) 11. dxe5 Ng4 12. Bg5 {White is slightly better.} Qb6 13. O-O Nxe5 $146 ({Predecessor:} 13... Na6 14. Bf4 Re8 15. Rad1 Qc5 16. Nd4 Nxe5 17. Be3 Qe7 {1-0 (41) Bogdanovski,V (2399)-Veleski,R (2257) Struga 2009}) 14. Rfd1 ({White should play} 14. Nxe5 $16 Bxe5 15. Rad1) 14... Ng4 15. Bh4 Qc5 {[#] Strongly threatening ...b4.} 16. Rac1 Na6 17. h3 Ne5 18. Nxe5 Bxe5 19. Qd2 {[#] Hoping for Nd5.} Qa7 20. Kh1 Be6 (20... Nc5 $14) 21. f4 $36 {[%mdl 2048] White is in control.} Bg7 22. e5 Rfc8 23. b3 Nc7 24. Ne4 Nd5 25. Nd6 Rc7 26. Bf3 Rb8 $2 {[%mdl 8192] Precision: White = 73%, Black = 32%.} (26... Qb8 $16 {is a better chance.}) 1-0

[Event "10th Mumbai Mayors Cup 2017"]
[Site "Mumbai"]
[Date "2017.06.09"]
[Round "8"]
[White "Das, Sayantan"]
[Black "Mohammad Fahad, Rahman"]
[Result "1/2-1/2"]
[WhiteElo "2401"]
[BlackElo "2305"]
[Annotator "TA"]
[PlyCount "129"]
[EventDate "2017.06.04"]
[EventType "swiss"]
[EventCountry "IND"]
[SourceTitle "playchess.com"]
[Source "ChessBase"]
[SourceQuality "1"]

{[%evp 21,129,15,27,14,26,5,16,25,35,0,10,0,0,0,0,0,0,0,7,0,2,0,0,-37,-33,-23,-6,-6,-8,-9,-22,-20,-3,-26,-19,-29,0,0,7,0,0,0,0,0,0,0,0,0,0,0,0,0,0,0,0,0,0,0,0,0,0,0,0,0,8,0,17,-117,-128,-93,-8,-8,-8,-8,-8,-11,-25,-25,-25,-102,-102,-102,-102,-104,0,0,0,0,0,0,0,0,0,0,0,0,0,0,0,0,0,0,0,0,0,0,0,0,0,0]} 1. e4 e5 2. Nf3 Nf6 3. Nxe5 d6 4. Nf3 Nxe4 5. Nc3 Nxc3 6. dxc3 Be7 7. Be3 Nc6 8. Qd2 Ne5 {C42: Petroff Defence: 3 Nxe5 and unusual White 3rd moves} (8... Be6 9. O-O-O Qd7 10. Kb1 a6 11. h4 h6 12. Be2 O-O-O 13. Nd4 Nxd4 14. Bxd4 Rhg8 15. c4 Rde8 16. g3 Bd8 17. b3 Bf5 18. Rhe1 g5 {½-½ (18) Kryvoruchko,Y (2714)-Li,C (2722) Chartres 2017}) 9. O-O-O Nxf3 10. gxf3 Be6 11. Kb1 Bf6 {LiveBook: 3 Games} 12. Rg1 (12. h4 $5) 12... g6 13. Bd4 $146 ({Predecessor:} 13. Bb5+ c6 14. Be2 Qa5 15. a3 d5 {1-0 (40) Schaefer,D (1935)-Stojadinov,S (1810) Batumi 2010}) 13... a6 14. Qf4 Bxd4 15. cxd4 d5 16. Qe5 Rg8 17. Re1 Qd6 18. Qg5 Kd7 19. Bd3 Rae8 20. f4 Kc8 21. f5 gxf5 22. Qh4 Rg4 (22... Qd8 {is more complex.} 23. Qf4 Kb8 24. a3 h5 25. h3 h4) 23. Qxh7 Qf4 24. Bxf5 $1 Rxg1 {[%cal Rg1e1] [#]} 25. Bxe6+ Rxe6 {[%cal Rg1e1]} 26. Rxg1 Qxf2 $11 {[%cal Rf2g1][%mdl 4096] Endgame KQR-KQR} 27. Qg8+ Kd7 {( -> ...Re1+)} 28. a4 Re1+ 29. Rxe1 Qxe1+ {KQ-KQ} 30. Ka2 Qf2 31. h3 Qxc2 32. Qxf7+ Kd6 33. Qf6+ Kd7 34. Qg7+ Kc6 35. Qh6+ Kd7 36. Qg7+ Kc6 37. Qf6+ Kd7 38. Qf7+ Kd6 39. Qf8+ Kd7 40. Qb4 b6 41. a5 b5 42. Qb3 Qc4 43. h4 Ke6 {...b4 is the strong threat.} 44. h5 (44. Qxc4 $11 {was the only way to keep the balance.} dxc4 45. b3 cxb3+ 46. Kxb3) 44... Kf6 ({Reject} 44... Qxd4 $6 45. h6 $11) 45. Ka3 Kg5 ({Black should play} 45... Qxd4 $17 46. Qc2 Qc4 47. Qg6+ Ke5) 46. Qe3+ Kxh5 {[%csl Gb5][%cal Rc4a4]} 47. b3 Qc6 48. Qh3+ Kg5 49. Qg3+ Kf5 50. Qf3+ (50. Qh3+ $11 Kg6 51. Kb4) 50... Ke6 $17 51. Qg4+ Kd6 52. Kb4 {[#]} Ke7 (52... Qe8 $1 $17 {[%cal Re8e1]} 53. Qg3+ Kc6 54. Qc3+ Kb7) 53. Qg7+ {The position is equal.} Kd8 54. Qg8+ Ke7 55. Qg7+ Kd6 56. Qg6+ Kd7 57. Qg4+ Kd6 58. Qg6+ Kd7 59. Qg4+ Ke7 60. Qg7+ Kd8 {Threatens to win with ...Qd6+.} 61. Qg8+ Kd7 {Hoping for ...Qd6+.} 62. Qg4+ Kd6 63. Qg7 Ke6 64. Qg6+ Kd7 65. Qg4+ {Precision: White = 61%, Black = 64%.} 1/2-1/2

[Event "10th Mumbai Mayors Cup 2017"]
[Site "Mumbai"]
[Date "2017.06.09"]
[Round "8"]
[White "Saravana, Krishnan P"]
[Black "Mithil, Ajgaonkar"]
[Result "1-0"]
[WhiteElo "2353"]
[BlackElo "2203"]
[Annotator "TA"]
[PlyCount "91"]
[EventDate "2017.06.04"]
[EventType "swiss"]
[EventCountry "IND"]
[SourceTitle "playchess.com"]
[Source "ChessBase"]
[SourceQuality "1"]

{[%evp 16,91,61,58,75,70,90,73,185,201,218,213,216,213,277,288,270,229,250,241,250,245,237,235,252,244,243,139,196,82,222,250,299,294,285,291,363,394,415,352,340,336,408,401,480,469,822,502,486,457,535,504,591,597,637,649,664,700,703,682,704,707,755,690,1102,415,797,728,29971,29972,29975,29965,29988,29989,29989,29990,29990,29979]} 1. e4 {[%cal Be2e4,Be4e5][%mdl 32]} c6 2. d4 d5 3. e5 c5 4. dxc5 Nc6 5. a3 e6 6. Nf3 {B12: Caro-Kann: Advance Variation} Bxc5 7. b4 Bb6 8. Bb2 Nh6 9. Bd3 {LiveBook: 3 Games} Nf5 10. Nbd2 $146 ({Predecessor:} 10. Bxf5 exf5 11. Nc3 Be6 12. Ne2 Qe7 {½-½ (44) Kryvoruchko,Y (2682)-Tazbir,M (2517) Poland 2016}) 10... a5 11. b5 Ncd4 {[#]} (11... Nce7 $16 {might work better.}) 12. Nxd4 $1 $18 Bxd4 13. Bxd4 Nxd4 14. Qg4 $1 {[%csl LRd4,LRg7]} Qb6 15. Qxg7 Rf8 16. Qg5 (16. Qxh7 $6 Qc7 $16) 16... Bd7 17. c4 a4 18. O-O Nb3 19. Rad1 (19. Bxh7 Nxa1 20. Rxa1 Rc8 $14) 19... Qc5 20. Rfe1 ({Don't take} 20. Bxh7 $6 Nxd2 21. cxd5 (21. Rxd2 Qxc4 22. Ra1 Qxb5 $16) 21... Nf3+ 22. gxf3 exd5 $18) 20... Qxa3 21. Nf3 (21. cxd5 $18 Qe7 22. Qxe7+ Kxe7 23. Nxb3 (23. Bxh7 exd5 24. Nxb3 axb3 $11) 23... axb3 24. d6+ (24. Bxh7 exd5 25. Rxd5 Be6 $14) 24... Kd8 25. Rb1 (25. Bxh7 Bxb5 26. Rb1 Bc4 $16)) 21... Qe7 (21... Qc5 $16) 22. Qf4 (22. Qh6 $18 {is more deadly.}) 22... a3 (22... Qb4 $16 {was called for.}) 23. Bc2 dxc4 24. Qxc4 Nc5 25. Rd6 Rc8 26. Red1 ({Not} 26. Bxh7 b6 $18) 26... Qd8 27. Qb4 a2 28. Ra1 {[%cal Bd1a1,Ba1a2,Ba2d2,Bd2d6][%mdl 32]} b6 29. Rxa2 Nb7 30. Rd1 Na5 (30... f5 $142 31. exf6 Qxf6) 31. Bd3 Qe7 32. Qb1 h6 33. Rad2 Rc5 34. Bf1 Bc8 35. Rd6 Qc7 36. Qh7 Nb7 37. Rc6 Rxc6 38. bxc6 Qxc6 39. Qxh6 Bd7 40. Qf6 (40. Ng5 $142) 40... Rg8 (40... Qc2 $142) 41. h4 Qc2 42. Rxd7 {[%csl Gd7][%cal Rf6f7] White mates.} Rxg2+ 43. Bxg2 {[%csl Gd7][%cal Rf6f7]} Qb1+ 44. Kh2 {[%csl Gd7][%cal Rf6f7]} Kxd7 45. Qxf7+ Kc8 46. Nd2 {Precision: White = 61%, Black = 27%.} 1-0

[Event "10th Mumbai Mayors Cup 2017"]
[Site "Mumbai"]
[Date "2017.06.09"]
[Round "8"]
[White "Sai Krishna G V"]
[Black "Mollah Abdullah, Al Rakib"]
[Result "*"]
[WhiteElo "2339"]
[BlackElo "2484"]
[Annotator "TA"]
[PlyCount "50"]
[EventDate "2017.06.04"]
[EventType "swiss"]
[EventCountry "IND"]
[SourceTitle "playchess.com"]
[Source "ChessBase"]
[SourceQuality "1"]

{[%evp 13,50,22,48,14,27,10,34,0,0,-2,0,-55,0,-27,-35,-26,-25,-22,-31,-51,0,-26,69,59,45,37,20,13,14,32,33,10,15,41,34,-18,-14,-46,-43]} 1. e4 e5 2. Nf3 Nc6 3. Bb5 a6 4. Ba4 d6 5. O-O Bd7 6. d4 exd4 7. Nxd4 Be7 {LiveBook: 7 Games. C72: Ruy Lopez: Deferred Steinitz: 5 0-0} (7... b5 8. Nxc6 Bxc6 9. Bb3 Nf6 10. c4 Be7 11. Nc3 O-O 12. Re1 Nd7 13. Nd5 Bxd5 14. cxd5 Bf6 15. Rb1 {½-½ (37) Adams,M (2742)-Short,N (2678) Douglas 2015}) 8. c4 Bf6 $146 ({Predecessor:} 8... Nxd4 9. Bxd7+ Qxd7 10. Qxd4 Bf6 11. Qe3 Ne7 12. Nc3 O-O 13. Nd5 Nxd5 14. exd5 {½-½ (42) Garcia Caballero,L-Perez Rosales,P (2285) Las Palmas 1995}) 9. Bxc6 (9. Ne2 {is more complex.} Nge7 10. Nbc3 O-O 11. f4 g6 12. Bc2) 9... bxc6 {The position is equal.} 10. f4 (10. c5 $5) 10... Ne7 {[%cal Bg8e7,Be7g6,Bg6f4][%mdl 32]} 11. Nf3 {[#] And now e5 would win.} Ng6 12. e5 (12. Nc3 $11) 12... Be7 ({Black should play} 12... dxe5 $15 13. Nxe5 Nxe5 14. fxe5 Bxe5) 13. Qd3 O-O 14. Nc3 dxe5 15. f5 Nf4 16. Qe4 f6 (16... Bc5+ $15 17. Kh1 Re8) 17. Kh1 Re8 (17... Rb8 $11) 18. g3 $1 $14 {[%cal Rg3f4]} Nh5 19. c5 Bf8 20. g4 $36 {[%mdl 2048] White has some pressure.} Nf4 $1 21. Bxf4 exf4 22. Qc4+ Kh8 23. Rad1 Re7 24. Rd4 (24. Qxf4 $14 Qb8 25. Rd2) 24... Qb8 25. b3 (25. Re1 $5 {[%cal Re1e7]} Qe8 26. Rde4 $11) 25... Be8 $1 {Precision: White = 36%, Black = 50%.} *

[Event "10th Mumbai Mayors Cup 2017"]
[Site "Mumbai"]
[Date "2017.06.09"]
[Round "8"]
[White "Rathanvel, V S"]
[Black "Nitin, S."]
[Result "1/2-1/2"]
[WhiteElo "2332"]
[BlackElo "2427"]
[Annotator "TA"]
[PlyCount "82"]
[EventDate "2017.06.04"]
[EventType "swiss"]
[EventCountry "IND"]
[SourceTitle "playchess.com"]
[Source "ChessBase"]
[SourceQuality "1"]

{[%evp 23,82,22,19,12,12,12,13,13,18,18,10,-1,-7,-5,0,0,0,0,0,-60,-45,-51,-29,-61,-60,-78,0,0,0,0,6,0,0,0,0,0,0,6,211,156,178,133,175,91,104,0,0,0,0,0,0,0,0,0,0,0,0,0,0,0,0]} 1. e4 c5 2. Nf3 d6 3. d4 cxd4 4. Nxd4 Nf6 5. Nc3 a6 6. Be2 e5 7. Nb3 Be7 8. Bg5 Be6 9. Bxf6 Bxf6 10. Qd3 {B92: Sicilian Najdorf: 6 Be2} Be7 (10... O-O 11. O-O-O Qb6 12. Rhf1 Be7 13. g3 Nc6 14. Nd5 Bxd5 15. exd5 Nb8 16. Bg4 Qc7 17. h4 Nd7 18. h5 Rfe8 {½-½ (51) Oleksienko,M (2643)-Areshchenko,A (2686) Dubai 2017}) 11. Nd5 Bxd5 12. Qxd5 Qc7 {LiveBook: 4 Games} 13. Bc4 O-O 14. c3 Nd7 {Threatens to win with ...Nb6.} 15. Qd3 Nb6 16. Bd5 a5 $146 {[%cal Ba6a5,Ba5a4,Ba4a3][%mdl 32]} ({Predecessor:} 16... Bg5 17. O-O Na4 {1-0 (53) Dobrowolski,A (2280)-Chlost,M (2132) Polanica Zdroj 2006}) 17. Nd2 a4 $36 {[%mdl 2048] Black has some pressure.} 18. O-O a3 19. b3 Nxd5 20. Qxd5 Qxc3 21. Rfc1 (21. Nc4 $11) 21... Qd4 $15 22. Qxd4 exd4 23. Rc7 Rfe8 24. Rxb7 {[#]} Bg5 (24... f5 $1 $17) 25. Rd1 d5 26. Nf3 Bf6 27. exd5 Re2 $1 {[%cal Re2a2]} 28. Rd2 Rxd2 29. Nxd2 $11 {[%mdl 4096] Endgame KRB-KRN} Bg5 $1 {[%cal Rg5d2]} 30. Nc4 {d6 is the strong threat.} f5 $2 (30... d3 $1 $11 {and Black has nothing to worry.}) 31. Kf1 d3 32. g3 f4 33. gxf4 ({Better is} 33. h4 $18 Bf6 34. gxf4) 33... Bxf4 $16 {[#]} 34. Re7 (34. d6 $1 $16) 34... Rd8 $11 {The position is equal.} 35. Re4 Rxd5 {aiming for ...d2.} 36. Rxf4 d2 37. Nxd2 Rxd2 {KR-KR} 38. Ra4 Rxa2 39. Ra7 h5 40. Kg2 Kh7 41. b4 Rb2 {Precision: White = 63%, Black = 71%.} 1/2-1/2

[Event "10th Mumbai Mayors Cup 2017"]
[Site "Mumbai"]
[Date "2017.06.09"]
[Round "8"]
[White "Pradeep Kumar R A"]
[Black "Jayakumaar S"]
[Result "1/2-1/2"]
[WhiteElo "2302"]
[BlackElo "2185"]
[Annotator "TA"]
[PlyCount "133"]
[EventDate "2017.06.04"]
[EventType "swiss"]
[EventCountry "IND"]
[SourceTitle "playchess.com"]
[Source "ChessBase"]
[SourceQuality "1"]

{[%evp 16,133,19,16,27,13,22,19,31,31,31,26,23,24,68,58,68,61,68,60,72,73,137,125,103,70,56,58,64,52,83,21,8,0,0,0,0,0,0,0,0,0,0,0,0,0,0,0,0,0,0,0,0,0,0,0,0,0,0,0,0,0,0,0,16,22,67,0,0,0,0,0,0,0,0,0,0,0,0,0,0,0,0,0,0,0,0,0,0,0,0,0,0,0,0,0,0,0,0,0,0,0,0,0,0,0,0,0,0,0,0,0,0,0,0,0,0,0,0,0]} 1. e4 c5 2. Nf3 Nc6 3. Bb5 g6 4. Bxc6 dxc6 5. d3 Bg7 6. h3 Nf6 7. Be3 Nd7 {[%cal Bf6d7,Bd7f8,Bf8e6,Be6d4][%mdl 32]} 8. Nc3 e5 9. Qd2 h6 {B31: Sicilian: 2...Nc6 3 Bb5 g6} 10. O-O Qe7 11. Nh2 Nf8 12. f4 exf4 13. Bxf4 Ne6 14. Bg3 O-O (14... Nd4 15. Nf3 Be6 16. Rae1 O-O 17. e5 {1-0 (58) Maze,S (2608)-Aravindh,C (2566) London 2016}) 15. e5 Nd4 16. Rae1 Bf5 17. Ne4 $146 ({Predecessor:} 17. Bf4) 17... Bxe4 18. Rxe4 Rad8 {[#]} (18... Nf5 $142 19. Bf4 h5) 19. Bh4 $1 $16 {[%cal Rh4e7]} g5 20. Bg3 Qe6 21. Ng4 Qg6 22. Qd1 Nf5 23. Bf2 (23. Qf3 $16 Nd4 24. Qf2) 23... Rfe8 $11 24. Qf3 ({Of course not} 24. Bxc5 Ng3 $17) 24... Nd4 $36 {[%mdl 2048] Black has some pressure.} 25. Bxd4 Rxd4 26. Rxd4 cxd4 27. Nf6+ Bxf6 $1 28. exf6 {[%mdl 4096] Endgame KQR-KQR} Re6 29. b4 Kh7 30. a4 b6 31. a5 bxa5 32. bxa5 c5 33. Rf2 h5 34. Rf1 g4 35. hxg4 hxg4 36. Qg3 Rxf6 37. Rxf6 Qxf6 38. Qxg4 {KQ-KQ} Qe5 39. Kf1 f5 40. Qg5 c4 41. g4 (41. dxc4 $14 Qxa5 42. Qh4+ Kg6 43. Qxd4) 41... cxd3 {The position is equal.} 42. cxd3 Qxa5 43. gxf5 Qa1+ 44. Ke2 Qa2+ 45. Kf3 Qd5+ 46. Kf4 Qd6+ 47. Ke4 Qc6+ 48. Kxd4 Qb6+ 49. Kc3 {[#] Threatens to win with d4.} Qc6+ 50. Kb2 Qb6+ 51. Kc2 Qc6+ 52. Kd1 {Black must now prevent Qe7+.} Qf3+ 53. Kd2 {Strongly threatening Qe7+.} Qf2+ 54. Kc1 Qf1+ 55. Kc2 {Qe7+ is the strong threat.} Qf2+ 56. Kb3 {Hoping for Qg6+.} Qb6+ 57. Kc4 {aiming for Qe7+.} Qc6+ 58. Kd4 {And now Qe7+ would win.} Qb6+ 59. Ke5 Qc5+ 60. Ke6 Qc6+ 61. Ke7 {Intending Qh4+ and mate.} Qc7+ 62. Ke8 {White threatens Qe7+ and mate.} Qc8+ 63. Kf7 {[%cal Rg5h5]} (63. Qd8 $5 {[%cal Rd8c8]} Qxf5 64. Qd6 $11) 63... Qd7+ 64. Kf8 {[%cal Rg5h5]} Qc8+ 65. Ke7 Qc7+ 66. Ke8 {Threatening mate with Qe7+.} Qc8+ 67. Ke7 {Precision: White = 66%, Black = 83%.} 1/2-1/2